000 00481nam a2200193Ia 4500
005 20240823061546.0
008 240823s9999||||xx |||||||||||||| ||und||
020 _a81-7254-219-4
041 _aENGLISH
082 _A001.076 Q8
100 _aSubburaj V V K
245 0 _aRRB Various Posts in Level 1 Group - D
250 _a1st
260 _c2018
_bSura College of Compet
500 _aYES
650 _aRailway Recruitment Board
_bGeneral
942 _cBK
999 _c233814
_d233814